Một số vấn đề cơ sở trong phép tính biến phân

Biến phân; Cực tiểu hóa phiếm hàm năng lượng tính chính quy của nghiệm; Một số chủ đề liên quan.

Αποθηκεύτηκε σε:
Λεπτομέρειες βιβλιογραφικής εγγραφής
Κύριος συγγραφέας: Vũ Thanh Tùng
Άλλοι συγγραφείς: Nguyễn Duy Thái Sơn TS. (Hướng dẫn)
Μορφή: Βιβλίο
Γλώσσα:Vietnamese
Έκδοση: Đà Nẵng Đại học Đà Nẵng 2014
Θέματα:
Ετικέτες: Προσθήκη ετικέτας
Δεν υπάρχουν, Καταχωρήστε ετικέτα πρώτοι!
Thư viện lưu trữ: Mạng thư viện Đại học Đà Nẵng
LEADER 01464nam a2200337 4500
001 000019991
003 16432
005 20150309090340.0
008 141216s2014 viesd
041 |a vie 
082 1 4 |a 515.64  |b VU-T 
100 1 |a Vũ Thanh Tùng 
245 1 7 |a Một số vấn đề cơ sở trong phép tính biến phân  |c Vũ Thanh Tùng ; Nguyễn Duy Thái Sơn hướng dẫn.  |k Luận văn Thạc sĩ 
260 |a Đà Nẵng  |b Đại học Đà Nẵng  |c 2014 
300 |a 69 tr., phụ lục 3 tr.  |c 29 cm.  |e Tóm tắt 
500 |a Luận văn thạc sĩ Khoa học. Chuyên ngành: Phương pháp toán sơ cấp. Mã số: 60.46.40. 
520 |a Biến phân; Cực tiểu hóa phiếm hàm năng lượng tính chính quy của nghiệm; Một số chủ đề liên quan. 
650 0 4 |a Biến phân  |v Luận văn tốt nghiệp  |x Nghiên cứu 
653 |a Biến phân 
653 |a Toán học 
700 1 |a Nguyễn Duy Thái Sơn  |c TS.  |e Hướng dẫn 
OWN |a LSP 
AVA |a UDN50  |b LSP  |d 515.64 VU-T  |e available  |t Error 5001 Not defined in file expand_doc_bib_avail.  |f 1  |g 0  |h N  |i 0  |k 1 
999 |a From the UDN01 
AVA |a UDN50  |b LSP  |d 515.64 VU-T  |e available  |t Error 5001 Not defined in file expand_doc_bib_avail.  |f 1  |g 0  |h N  |i 0  |k 1 
TYP |a Monograph 
TYP |a Printed language 
980 |a Mạng thư viện Đại học Đà Nẵng